Państwa położone najbliżej Mołdawii - Statystyki

Ogólne statystyki
  • Ten quiz został rozwiązany 55 razy
  • Średni wynik to 9 z 10
Statystyki odpowiedzi
km Państwo % Poprawnych
0 Rumunia
100%
315 Słowacja
100%
0 Ukraina
100%
289 Polska
96%
445 Serbia
94%
283 Węgry
94%
332 Białoruś
92%
164 Bułgaria
92%
448 Grecja
87%
387 Turcja
85%
Nie znaleziono quizów pasujących do podanych kryteriów
Rozkład punktacji
Procent ludzi z każdym wynikiem
Percentyl według liczby udzielonych odpowiedzi
Twoja historia wyników
Nie rozwiązałeś tego quizu